[Event "I Festival del Salento A"]
[Site "Gallipoli ITA"]
[Date "2012.05.24"]
[Round "7"]
[White "Piscopo, Pierluigi"]
[Black "Hocevar, Nikola"]
[Result "1-0"]
[WhiteElo "2366"]
[BlackElo "2044"]
[PlyCount "123"]
[EventDate "2012.05.19"]

1. e4 c5 2. Nf3 g6 3. c3 Bg7 4. Bc4 e6 5. O-O Ne7 6. d4 cxd4 7. Nxd4 O-O 8. Bg5
a6 9. Bb3 h6 10. Bh4 e5 11. Nc2 b5 12. Ne3 Bb7 13. Qd3 g5 14. Bg3 Qb6 15. Na3
Rd8 16. Rad1 d6 17. h4 Nbc6 18. hxg5 hxg5 19. Qe2 Na5 20. Nd5 Bxd5 21. Bxd5
Nxd5 22. Rxd5 Nb7 23. Nc2 Nc5 24. Rfd1 Kf8 25. R5d2 Qc6 26. f3 Bh6 27. Ne3 Bg7
28. Bf2 Bf6 29. Nd5 Be7 30. Be3 f6 31. Qf2 Ne6 32. Bb6 Rd7 33. Ba5 Rb8 34. Bb4
Bd8 35. a4 bxa4 36. g3 Kf7 37. Qh2 Ng7 38. Qh3 Bb6+ 39. Nxb6 Qxb6+ 40. Kf1 Qb5+
41. Kf2 Rbd8 42. Rd5 Qc6 43. R1d3 Qb6+ 44. Kg2 Qc6 45. Rd2 Ke7 46. Qh7 Kf7 47.
Qh1 Ne6 48. Qh7+ Ng7 49. Rd1 Qc4 50. Kf2 Qc6 51. Rh1 Ke6 52. Qg6 Rf8 53. Rh7
Rff7 54. f4 exf4 55. gxf4 gxf4 56. Qg4+ f5 57. Rh6+ Ke7 58. Qg5+ Ke8 59. Rh8+
Rf8 60. Qg6+ Rdf7 61. Rxf8+ Kxf8 62. Rxd6 1-0

[Event "I Festival del Salento A"]
[Site "Gallipoli ITA"]
[Date "2012.05.24"]
[Round "7"]
[White "Thorfinnsson, Bjorn"]
[Black "Levin, Felix"]
[Result "0-1"]
[WhiteElo "2388"]
[BlackElo "2506"]
[PlyCount "140"]
[EventDate "2012.05.19"]

1. d4 Nf6 2. c4 e6 3. Nc3 Bb4 4. Qc2 c5 5. dxc5 Bxc5 6. Nf3 Qb6 7. e3 Qc7 8. a3
b6 9. Bd3 Bb7 10. b3 Be7 11. Bb2 d6 12. Nb5 Qd8 13. Rd1 Nbd7 14. Ng5 a6 15. Nd4
Nc5 16. Be2 h6 17. Ngf3 Qc7 18. Nd2 O-O 19. Bf3 Rac8 20. b4 Ncd7 21. Rc1 Ne5
22. Be2 Bxg2 23. Rg1 Bb7 24. f4 Ned7 25. Kf2 Ne8 26. Bg4 Ndf6 27. Bh3 Qd7 28.
Rg6 Kh8 29. Rcg1 Bd8 30. R6g3 d5 31. N4f3 dxc4 32. Ne5 Qc7 33. Bc3 Bd5 34. Qd1
Be4 35. Bg2 Bxg2 36. R1xg2 Qb7 37. Qg1 Rg8 38. Rh3 Rf8 39. Rhg3 Rg8 40. Rh3 Rf8
41. Ke2 b5 42. Nef3 Qd5 43. Ne5 Qb7 44. Ndf3 Qe4 45. Bd4 Qc2+ 46. Kf1 Qb1+ 47.
Ne1 c3 48. Rc2 Qd1 49. Qg5 Ng8 50. Qg2 Bf6 51. Rxc3 Rxc3 52. Bxc3 Bxe5 53. Bxe5
f6 54. Bd4 Nd6 55. Bc5 Rd8 56. Rg3 Nf5 57. Rh3 Rd2 58. Qf3 Qc1 59. e4 Qc4+ 60.
Kg1 Nd4 61. Qe3 Re2 62. Qxd4 Rxe1+ 63. Kf2 Qf1+ 64. Kg3 Re2 65. Qg1 Qxg1+ 66.
Bxg1 Rxe4 67. Bc5 f5 68. Kf3 Nf6 69. Be7 Nd5 70. Bd6 Re3+ 0-1

[Event "I Festival del Salento A"]
[Site "Gallipoli ITA"]
[Date "2012.05.25"]
[Round "8"]
[White "Ambrosanio, Raffaele"]
[Black "Arnetta, Maria Teresa"]
[Result "0-1"]
[WhiteElo "1967"]
[BlackElo "2020"]
[PlyCount "72"]
[EventDate "2012.05.19"]

1. c4 e5 2. g3 Nf6 3. Bg2 Nc6 4. Nc3 Bc5 5. e3 d5 6. Nxd5 Nxd5 7. cxd5 Nb4 8.
d3 c6 9. a3 Nxd5 10. Ne2 Bb6 11. O-O O-O 12. Qc2 h5 13. h4 Bg4 14. Kh2 Qe7 15.
Nc3 Rad8 16. Bd2 Nf6 17. Rfe1 Qd7 18. d4 exd4 19. exd4 Bf5 20. Qb3 Ng4+ 21. Kg1
Bxd4 22. Be3 Bxe3 23. fxe3 Qc7 24. Ne2 Rd3 25. Qc2 Nxe3 26. Qc5 Nxg2 27. Kxg2
Bg4 28. Nf4 Rd2+ 29. Kf1 Rxb2 30. Qc3 Qb6 31. Re3 Rb1+ 32. Rxb1 Qxb1+ 33. Re1
Qb5+ 34. Kf2 Rd8 35. Re3 Qb6 36. Kg2 Qd4 0-1

[Event "I Festival del Salento A"]
[Site "Gallipoli ITA"]
[Date "2012.05.25"]
[Round "8"]
[White "Bentivegna, Francesco"]
[Black "Lanzani, Mario"]
[Result "1/2-1/2"]
[WhiteElo "2276"]
[BlackElo "2327"]
[PlyCount "23"]
[EventDate "2012.05.19"]

1. e4 e5 2. Nf3 Nf6 3. d4 Nxe4 4. dxe5 d5 5. Nbd2 Nc6 6. Nxe4 dxe4 7. Qxd8+
Nxd8 8. Nd4 Ne6 9. Be3 Nxd4 10. Bxd4 Be6 11. Bb5+ c6 12. Be2 1/2-1/2

[Event "I Festival del Salento A"]
[Site "Gallipoli ITA"]
[Date "2012.05.25"]
[Round "8"]
[White "Chandra, Akshat"]
[Black "Midonet, Matthieu"]
[Result "1-0"]
[WhiteElo "2155"]
[BlackElo "2116"]
[PlyCount "67"]
[EventDate "2012.05.19"]

1. e4 c5 2. Nf3 Nc6 3. d4 cxd4 4. Nxd4 e5 5. Nb5 d6 6. N1c3 a6 7. Na3 b5 8. Nd5
Nge7 9. c4 Nxd5 10. cxd5 Nd4 11. Bd3 g6 12. Nc2 Bg7 13. O-O O-O 14. Be3 Bd7 15.
Rc1 Rc8 16. Qd2 f5 17. Bxd4 exd4 18. exf5 gxf5 19. Nb4 Qb6 20. Rxc8 Rxc8 21.
Qg5 Rf8 22. Rc1 Kh8 23. Qe7 Qd8 24. Qxd6 Qe8 25. Nc6 Rf6 26. Qc5 f4 27. d6 f3
28. Ne5 Rxd6 29. Qxd6 Bxe5 30. Qh6 Qf7 31. Re1 Bf4 32. Qh4 Qg8 33. Qf6+ Qg7 34.
Qxg7+ 1-0

[Event "I Festival del Salento A"]
[Site "Gallipoli ITA"]
[Date "2012.05.25"]
[Round "8"]
[White "Collutiis, Duilio"]
[Black "Khenkin, Igor"]
[Result "0-1"]
[WhiteElo "2513"]
[BlackElo "2670"]
[PlyCount "44"]
[EventDate "2012.05.19"]

1. e4 c6 2. d4 d5 3. Nc3 dxe4 4. Nxe4 Bf5 5. Ng3 Bg6 6. N1e2 Nf6 7. Nf4 Nbd7 8.
Nxg6 hxg6 9. Qf3 e6 10. h4 Qb6 11. c3 c5 12. dxc5 Bxc5 13. a4 Ne5 14. Bb5+ Kf8
15. Qe2 Neg4 16. O-O Qc7 17. Qf3 Rxh4 18. Bg5 Nh2 19. Qd3 Rg4 20. Kxh2 Rxg5 21.
b4 Ng4+ 22. Kg1 Nxf2 0-1

[Event "I Festival del Salento A"]
[Site "Gallipoli ITA"]
[Date "2012.05.25"]
[Round "8"]
[White "Levin, Felix"]
[Black "Quaranta, Cristiano"]
[Result "1-0"]
[WhiteElo "2506"]
[BlackElo "2088"]
[PlyCount "55"]
[EventDate "2012.05.19"]

1. d4 d5 2. c4 c6 3. Nf3 e6 4. Qc2 Bd6 5. g3 f5 6. Bg2 Nf6 7. O-O O-O 8. b3 Qe7
9. Ne5 b6 10. Nd3 Nbd7 11. Bf4 Bxf4 12. Nxf4 Bb7 13. Nd2 Rac8 14. Qb2 Ne4 15.
Nf3 Ba6 16. Rac1 Qd6 17. Rfd1 Ndf6 18. Ne5 g5 19. Nfd3 Nh5 20. f3 dxc4 21. bxc4
Nexg3 22. hxg3 Nxg3 23. e3 f4 24. Nb4 Bb7 25. c5 Qe7 26. e4 a5 27. Nbd3 b5 28.
Nf2 1-0

[Event "I Festival del Salento A"]
[Site "Gallipoli ITA"]
[Date "2012.05.25"]
[Round "8"]
[White "Minerba, Paolo"]
[Black "Ottaviani, Gianluca"]
[Result "0-1"]
[WhiteElo "1808"]
[BlackElo "1949"]
[PlyCount "80"]
[EventDate "2012.05.19"]

1. e4 e5 2. Nf3 Nc6 3. Bc4 Bc5 4. Nc3 Nf6 5. d3 h6 6. h3 O-O 7. O-O Re8 8. Re1
Na5 9. Bb3 Nxb3 10. axb3 b6 11. Nxe5 Rxe5 12. d4 Bxd4 13. Qxd4 Qe7 14. Bf4 Re6
15. Bxc7 Bb7 16. e5 Ne8 17. Nb5 Rg6 18. g3 Qe6 19. Kh2 Nxc7 20. Nxa7 Ba6 21.
Red1 Rxa7 22. Qxd7 Qxd7 23. Rxd7 Rc6 24. c4 Ra8 25. Rd6 Rxd6 26. exd6 Ne6 27.
b4 Bb7 28. Rxa8+ Bxa8 29. f4 Kf8 30. f5 Nd8 31. c5 b5 32. g4 Ke8 33. Kg3 Nc6
34. Kf4 Nxb4 35. Ke3 Kd7 36. h4 f6 37. g5 hxg5 38. hxg5 Nc6 39. gxf6 gxf6 40.
Kd3 Ne5+ 0-1

[Event "I Festival del Salento A"]
[Site "Gallipoli ITA"]
[Date "2012.05.25"]
[Round "8"]
[White "Mogranzini, Roberto"]
[Black "Naumkin, Igor"]
[Result "1-0"]
[WhiteElo "2461"]
[BlackElo "2472"]
[PlyCount "53"]
[EventDate "2012.05.19"]

1. Nf3 e6 2. c4 Nf6 3. g3 d5 4. Bg2 dxc4 5. Qa4+ c6 6. Qxc4 b5 7. Qc2 Bb7 8. d4
Nbd7 9. Ne5 Nxe5 10. dxe5 Nd5 11. O-O Be7 12. Nd2 O-O 13. Nf3 c5 14. Qe4 Qb6
15. Qg4 Kh8 16. a3 a5 17. Ng5 Bxg5 18. Bxg5 b4 19. e4 Nc7 20. axb4 axb4 21.
Rxa8 Rxa8 22. Rd1 Bc6 23. Bd8 Qb7 24. h4 Nb5 25. Bf6 gxf6 26. exf6 Rg8 27.
Qxg8+ 1-0

[Event "I Festival del Salento A"]
[Site "Gallipoli ITA"]
[Date "2012.05.25"]
[Round "8"]
[White "Pizzuto, Samuele Tullio"]
[Black "Sprotte, Norbert"]
[Result "1-0"]
[WhiteElo "2132"]
[BlackElo "2180"]
[PlyCount "75"]
[EventDate "2012.05.19"]

1. e4 e6 2. Nc3 d5 3. Nf3 Nf6 4. e5 Nfd7 5. d4 c5 6. dxc5 Bxc5 7. Bd3 Nc6 8.
Bf4 f6 9. exf6 Nxf6 10. O-O O-O 11. Ne5 Nxe5 12. Bxe5 a6 13. Qe2 Bd7 14. Rae1
Qe8 15. Kh1 Qh5 16. Qxh5 Nxh5 17. f4 b5 18. a3 b4 19. axb4 Bxb4 20. g3 Nf6 21.
Bd4 a5 22. Ra1 Rfc8 23. Na4 Bxa4 24. Rxa4 Nd7 25. Rfa1 Rab8 26. R1a2 Bc5 27.
Bc3 Bb6 28. Bb5 Nc5 29. R4a3 Ne4 30. Be5 Rxc2 31. Bxb8 Nf2+ 32. Kg2 Ng4+ 33.
Be2 Rxe2+ 34. Kf3 Rxh2 35. b3 Nf2 36. Re2 g5 37. fxg5 Bd4 38. Raa2 1-0

[Event "I Festival del Salento A"]
[Site "Gallipoli ITA"]
[Date "2012.05.25"]
[Round "8"]
[White "Thorfinnsson, Bjorn"]
[Black "Malakhatko, Vadim"]
[Result "0-1"]
[WhiteElo "2388"]
[BlackElo "2526"]
[PlyCount "28"]
[EventDate "2012.05.19"]

1. d4 e6 2. Nf3 c5 3. d5 exd5 4. Qxd5 Nf6 5. Qb3 d5 6. Bg5 Be7 7. Nbd2 c4 8.
Qc3 O-O 9. b3 b5 10. Rd1 h6 11. Bh4 Nc6 12. Nd4 Bb4 13. Qa1 Nxd4 14. Qxd4 g5
0-1